[Event "SC Weiler im Allgäu 1 - SK Schmiden/Cannstatt 1"]
[Site "Oberliga 2019/2020"]
[Date "2020.02.16"]
[Round "7"]
[White "Wunder, Niklas"]
[Black "Scheeff, Volker"]
[Result "1-0"]
[WhiteElo "2055"]
[BlackElo "2049"]
[Annotator ""]
[Source ""]
[Remark ""]

1.d4 d5 2.c4 c6 3.Nf3 Nf6 4.e3 Bf5 5.Nc3 a6 6.Ne5 e6 7.g4 Be4
8.f3 Bg6 9.h4 h6 10.Nxg6 fxg6 11.Qc2 Kf7 12.Bd2 Bd6 13.O-O-O
Nbd7 14.Kb1 b5 15.c5 Bc7 16.Bd3 Nf8 17.Ne2 Ng8 18.h5 g5 19.e4
Ne7 20.f4 gxf4 21.Rhf1 Ke8 22.Nxf4 Kd7 23.exd5 cxd5 24.Rde1 Bxf4
25.Bxf4 Nc6 26.a3 Qh4 27.Bd6 Nd8 28.Qe2 Nh7 29.Bxb5+ axb5 30.Qxb5+
Kc8 31.Qb6 Kd7 32.Qc7+ Ke8 33.Qxg7 1-0